New high andean slope species of Eleutherodactylus (<Amphibia: Leptodactylidae>) from Colombia and Ecuador (Registro nro. 9182)

Detalles MARC
000 -CABECERA
Campo de control 006910000a22002050004500
090 ## - CLASIFICACIÓN LOCAL
Colección AR
Consecutivo 00081
041 0# - IDIOMA
Código de idioma para texto/pista de sonido o título separado
100 1# - ASIENTO PRINCIPAL--NOMBRE PERSONAL
Nombre personal Lynch, John D.
245 10 - MENCION DE TITULO
Título New high andean slope species of Eleutherodactylus (<Amphibia: Leptodactylidae>) from Colombia and Ecuador
650 14 - ASIENTO SECUNDARIO DE MATERIA - TERMINO TEMATICO
Término temático o nombre geográfico como elemento de entrada Fauna
650 14 - ASIENTO SECUNDARIO DE MATERIA - TERMINO TEMATICO
Término temático o nombre geográfico como elemento de entrada Anfibios
650 14 - ASIENTO SECUNDARIO DE MATERIA - TERMINO TEMATICO
Término temático o nombre geográfico como elemento de entrada Nuevas especies
650 14 - ASIENTO SECUNDARIO DE MATERIA - TERMINO TEMATICO
Término temático o nombre geográfico como elemento de entrada Biología
650 14 - ASIENTO SECUNDARIO DE MATERIA - TERMINO TEMATICO
Término temático o nombre geográfico como elemento de entrada Morfología
651 #4 - ASIENTO SECUNDARIO DE MATERIA - NOMBRE GEOGRAFICO
-- Colombia
651 #4 - ASIENTO SECUNDARIO DE MATERIA - NOMBRE GEOGRAFICO
-- Ecuador
653 ## - TERMINO DE INDIZACION - NO CONTROLADO
-- Leptodactylidae
-- Eleutherodactylus
-- Eleutherodactylus leucopus
773 1# - Item fuente:
Título Proceedings of the Biological Society of Washington
Especificación de materiales 41
Descripción física 32
Paginas del Articulo 351-354
Lugar, editorial y fecha de publicación 1976
Información sobre la relación 88
942 ## - ELEMENTOS ADICIONALES (KOHA)
Tipo de ítem Artículo
Existencias
Withdrawn status Lost status Sistema de Clasificación Damaged status No para préstamo Colección Ubicación Permanente Ubicación actual Fecha de adquisición Fuente de Valor Total Checkouts Número topográfico Inventario / Código de Barras Date last seen Ejemplar Price effective from Tipo de material
    Dewey Decimal Classification   No para Préstamo Hemeroteca Bogotá Bogotá 27/02/2015 Gast, Fernando   AR 00081 Fuera de circulación 010308 25/03/2015 1 25/03/2015 Artículo